=LDR 00000nam 2200000 4500 =001 INLIS000000000022630 =005 20200811081756 =035 ##$$a 0010-061300000022630 =008 200811###########################0###### =041 ##$$a Ind =082 ##$$a 658.403 801 1 =090 ##$$a 2X9.8, Kha g =100 ##$$a Siagian, Sondang P =245 1#$$a Sistim informasi manajemen /$c Prof. Dr. Sondang P. Siagian, M.PA. =260 ##$$a Jakarta :$b Bumi Aksara,$c 2005 =300 ##$$a xi, 132 hlm., ; $c 22 x 15 cm. =650 #4$$a Manajemen informasi =850 ##$$a NBPNMAT =990 ##$$a 173.307/Pro-2002 =990 ##$$a 90274/BPAP-NTB/2014